000 00601nam a2200217Ia 4500
005 20250326144245.0
008 250326s9999 xx 000 0 und d
020 _a978-81-7194-496-5
037 _aTextbook
040 _aFMSL
_beng
_cFMSL
041 _aeng
_2eng
084 _aX72g P8
_qFMSL
100 _aSinghania V K
245 0 _aCorporate tax planning and business tax procedures
_cSinghania V K; Singahnia M
260 _aNew Delhi
_bNew Delhi, Taxmann's
_c2008
300 _a626p
365 _b1100
650 _aTax
942 _cTB
_hX72g P8
999 _c1303014
_d1303014